Geography Quiz

Random Geography or City Quiz

Cities of Nigeria Quiz Stats

 Plays Quiz Updated Nov 21, 2016

Challenge
Share
Tweet
Score 0/10 Timer 07:00
0 Plays Today
% Correct
Lagos
97%
Abuja
87.7%
Kano
73%
Benin City
62.3%
Ibadan
60.9%
Port Harcourt
53.2%
Kaduna
43.3%
Aba
32.8%
Maiduguri
26.3%
Onitsha
16.9%

You're not logged in!

Compare scores with friends on all Sporcle quizzes.
OR
Log In

You Might Also Like...

Show Comments

Extras

Top Quizzes Today


Score Distribution

Your Account Isn't Verified!

In order to create a playlist on Sporcle, you need to verify the email address you used during registration. Go to your Sporcle Settings to finish the process.

Report this User

Report this user for behavior that violates our Community Guidelines.

Details: